Pojistný trh

Gespeichert in:
Bibliographische Detailangaben
1. Verfasser: Čejková, Viktória
Format: Buch
Sprache:Tschechisch
Veröffentlicht: Praha GRADA Publishing 2002
Schriftenreihe:Finance pro praxi
Schlagworte:
Tags: Tag hinzufügen
Keine Tags, Fügen Sie das erste Tag hinzu!

MARC

LEADER 00000nam$a2200000$$$4500
001 0019698
005 20240306141605.1
020 |a 80-247-0137-5 
041 0 |a cze 
044 |a CZ 
245 1 0 |a Pojistný trh  |c Viktória Čejková 
264 1 |a Praha  |b GRADA Publishing  |c 2002 
300 |a 119 s. 
490 1 |a Finance pro praxi 
830 0 |a Finance pro praxi 
610 2 0 |a trh poistný 
610 2 0 |a financie 
610 2 0 |a trh finančný 
610 2 0 |a poistné 
610 2 0 |a Česko 
610 2 0 |a poisťovníctvo 
610 2 0 |a poisťovne 
610 2 0 |a trh poistný investičný 
610 2 0 |a poisťovne komerčné 
100 1 |a Čejková, Viktória